Score 0/25 Timer 05:00
0 Plays Today
Can u name the skin color of the mlp cha % Correct
Twilight sparklePurple
99.1%
ApplebloomYellow
91.8%
ColgateBlue
83.1%
RarityWhite
68.5%
Pinkie piePink
59.4%
The great and powerful TrixieBlue
59.4%
FluttershyYellow
56.2%
Rainbow dashBlue
54.3%
ApplejackOrange
53.4%
Sweetie belleWhite
53.4%
Big Macintosh Red
52.5%
Vinyl scratchWhite
51.6%
Princess CelestiaWhite
51.6%
Can u name the skin color of the mlp cha % Correct
ScootalooOrange
51.1%
Dr. Whooves Brown
46.1%
Lyra heartstringsMint
41.6%
DerpyGrey
41.1%
LotusBlue
37.9%
AloePink
32.9%
Carrot topYellow
31.1%
Granny SmithLime green
25.6%
Princess LunaNavy blue
18.3%
CloudchaserLavender
17.4%
SoarinLight blue
17.4%
TwistTan
16%
Remove Ads.
Support Sporcle.
Get the best of Sporcle when you Go Orange. This ad-free experience offers more features, more stats, and more fun while also helping to support Sporcle. Thank you for becoming a member.

You're not logged in!

Compare scores with friends on all Sporcle quizzes.
OR
Log In

Show Comments

Extras

Created Oct 28, 2013ReportNominate
Tags:Color Quiz, skin

Top Quizzes Today


Score Distribution

Your Account Isn't Verified!

In order to create a playlist on Sporcle, you need to verify the email address you used during registration. Go to your Sporcle Settings to finish the process.

Report this User

Report this user for behavior that violates our Community Guidelines.

Details: